| 000 -LEADER |
| fixed length control field |
00683cam a2200217 a 4500 |
| 001 - CONTROL NUMBER |
| control field |
17344053 |
| 005 - DATE AND TIME OF LATEST TRANSACTION |
| control field |
20221107123056.0 |
| 008 - FIXED-LENGTH DATA ELEMENTS--GENERAL INFORMATION |
| fixed length control field |
120611s2013 moua b 001 0 eng |
| 020 ## - INTERNATIONAL STANDARD BOOK NUMBER |
| International Standard Book Number |
9781455728480 X |
| 041 ## - LANGUAGE CODE |
| Language code of text/sound track or separate title |
eng |
| 080 ## - UNIVERSAL DECIMAL CLASSIFICATION NUMBER |
| Universal Decimal Classification number |
615.8 C-17 |
| 100 1# - MAIN ENTRY--PERSONAL NAME |
| Personal name |
Cameron, Michelle H. |
| 9 (RLIN) |
8413 |
| 245 10 - TITLE STATEMENT |
| Title |
Physical agents in rehabilitation : |
| Remainder of title |
from research to practice / |
| Statement of responsibility, etc. |
Michelle Cameron. |
| 250 ## - EDITION STATEMENT |
| Edition statement |
4th ed. |
| 264 ## - PRODUCTION, PUBLICATION, DISTRIBUTION, MANUFACTURE, AND COPYRIGHT NOTICE |
| Place of production, publication, distribution, manufacture |
St. Louis, Mo. : |
| Name of producer, publisher, distributor, manufacturer |
Elsevier/Saunders, |
| Date of production, publication, distribution, manufacture, or copyright notice |
2013. |
| 300 ## - PHYSICAL DESCRIPTION |
| Extent |
437 p. : |
| Other physical details |
col. ill. ; |
| Dimensions |
28 cm. |
| 653 ## - INDEX TERM--UNCONTROLLED |
| keyword |
მედიცინა |
| 653 ## - INDEX TERM--UNCONTROLLED |
| keyword |
ფიზიოთერაპია |
| 653 ## - INDEX TERM--UNCONTROLLED |
| keyword |
რეაბილიტაცია |
| 942 ## - ADDED ENTRY ELEMENTS (KOHA) |
| Source of classification or shelving scheme |
|
| Koha item type |
წიგნი |